Nosographie philosophique, ou la méthode de l'analyse appliquée a la médecine / (Record no. 162175)

MARC details
000 -LEADER
campo de control de longitud fija 00747nam a22002055i 4500
001 - NÚMERO DE CONTROL
campo de control 162175
003 - IDENTIFICADOR DE NÚMERO DE CONTROL
campo de control ES-MaACL
005 - FECHA Y HORA DE LA ÚLTIMA TRANSACCIÓN
campo de control 20230906212439.0
008 - DATOS DE LONGITUD FIJA--INFORMACIÓN GENERAL
campo de control de longitud fija 041102s1807 fr a |||| | fre d
040 ## - FUENTE DE CATALOGACIÓN
Centro catalogador/agencia de origen CAM
Lengua de catalogación spa
Centro/agencia transcriptor CAM
100 1# - ENTRADA PRINCIPAL--NOMBRE DE PERSONA
Nombre de persona Pinel, Philippe.
9 (RLIN) 92114
245 10 - MENCIÓN DEL TÍTULO
Título Nosographie philosophique, ou la méthode de l'analyse appliquée a la médecine /
Mención de responsabilidad, etc. par Ph. Pinel.
250 ## - MENCION DE EDICION
Mención de edición 3e éd. rev., corr. et augm.
260 ## - PUBLICACIÓN, DISTRIBUCIÓN, ETC.
Lugar de publicación, distribución, etc. Paris :
Nombre del editor, distribuidor, etc. J.A. Brosson, Libraire,
Fecha de publicación, distribución, etc. 1807.
300 ## - DESCRIPCIÓN FÍSICA
Extensión v. ;
Dimensiones 21 cm.
597 ## - NOTA DE DESCRIPCIÓN FÍSICA
NOTA DE DESCRIPCIÓN FÍSICA T. I: [2] h., 354 p., [1] h. de lám.
597 ## - NOTA DE DESCRIPCIÓN FÍSICA
NOTA DE DESCRIPCIÓN FÍSICA La h. de lám es un retrato del autor.
650 #4 - PUNTO DE ACCESO ADICIONAL DE MATERIA--TÉRMINO DE MATERIA
Término de materia o nombre geográfico como elemento de entrada Enfermedades-
Subdivisión general Clasificación.
9 (RLIN) 168751
852 ## - LOCALIZACIÓN
Ubicación ES-MaACL
Número de control de estantería R-3170
Encuadernación Olim:G-10622
Nota libre -- Enc. piel
condición física -- Sólo t.I
Holdings
Estatus retirado Estado de pérdida Estado de daño No para préstamo Colección Biblioteca de origen Biblioteca actual Ubicación en estantería Fecha de adquisición Fuente de adquisición Total de préstamos Signatura topográfica completa Código de barras Visto por última vez Precio de reemplazo Tipo de ítem Koha
        Libros del s. XIX Biblioteca del Ateneo de Madrid Biblioteca del Ateneo de Madrid Depósito 17/01/2008     R-3170 1169897 23/02/2023 23/02/2023 Libro impreso antiguo